| Поле | Название | Значение |
| |
Тип записи |
a |
| |
Библиографический уровень |
m |
| 001 |
Контрольный номер |
a559401ae00d40d9946d600fc997f51e |
| 005 |
Дата корректировки |
20150824152616.0 |
| 200 |
Заглавие и сведения об ответственности |
1_ |
| a |
Заглавие |
Конфликты в библиотеке: предупреждение и разрешение |
| b |
Общее обозначение материала |
Текст |
| e |
Сведения, относящиеся к заглавию |
Учебное пособие |
| 210 |
Выходные данные |
1_ |
| a |
Место издания |
СПб. |
| c |
Издательство |
Профессия |
| d |
Дата издания |
2001 |
| 215 |
Физическое описание |
__ |
| a |
Объем |
128 с. |
| c |
Иллюстрации/тип воспроизводства |
ил. |
| 225 |
Серия |
2_ |
| a |
Серия |
Библиотечный практикум. |
| 330 |
Аннотация |
__ |
| a |
Аннотация |
Пособие предназначено для руководителей библиотечных коллективов. |
| 606 |
Тематические рубрики |
__ |
| a |
Основная рубрика |
Библиотечное дело. Библиотековедение. Библиография |
| 610 |
Ключевые слова |
0_ |
| a |
Ключевые слова |
Учебное пособие, конфликт, библиотека, читатель, пользователь, руководитель, профессия, этика, кодекс, Российская Федерация |
| 686 |
Индексы других классификаций |
__ |
| a |
Классификационный индекс |
78.38 |
| 2 |
Код системы |
rubbk |
| 700 |
Автор |
_1 |
| a |
Фамилия |
Ванеев |
| b |
Имя |
А.Н. |
| 852 |
Данные о местонахождении |
__ |
| i |
Авторский знак |
В 171 |
| j |
Шифр хранения |
78.38 |
| 938 |
Служебная информация |
__ |
| a |
Название организации |
Волгоградский филиал |
| b |
Имя БД |
Каталог_ВКИ |
| c |
Название АИБС |
АИБС МАРК-SQL |
| 952 |
Тип литературы |
__ |
| b |
Гриф литературы для ВШ |
гриф |
| c |
Вид литературы |
учебное пособие |